00457 2200181 4500001002100000005001500021035001900036245004700055100001200102300004000114260004400154082000700198084001300205022001300218863001600231990001400247990001400261INLIS00000000000051720210302104658$a 0010-0321000010$a ANCAS: Guru milenial ora jadul /$c Yusmanto$a Yusmanto$a 42 hlm : $b ilus ; $c 18.5 x 26.5 cm$a Purwokerto :$b Yayasan carablaka,$c 2020$a 050$a 050 YUS a$a 2087-023x$a Oktober 2020$a M0084/2020$a M0085/2020